[Event "Berkeley Int Open"]
[Site "Berkeley USA"]
[Date "2011.01.02"]
[Round "2"]
[White "Van Wely,L"]
[Black "Rumph,Todd"]
[Result "1-0"]
[WhiteElo "2676"]
[BlackElo "2165"]

1.d4 d5 2.c4 dxc4 3.e4 e5 4.Nf3 exd4 5.Bxc4 Nc6 6.O-O Be6 7.Bxe6 fxe6 8.Qb3 Qd7
9.Qxb7 Rb8 10.Qa6 Bc5 11.a3 Nge7 12.Nbd2 O-O 13.b4 Bd6 14.Bb2 Ng6 15.Qa4 Nf4
16.Nxd4 e5 17.Nxc6 Qg4 18.g3 Rf6 19.Kh1 Rbf8 20.gxf4 Qxf4 21.Qb3+ Kh8 22.Qe3 Qh4
23.f3  1-0

[Event "XIV New Year Open"]
[Site "Guben GER"]
[Date "2011.01.02"]
[Round "1.1"]
[White "Zakhartsov,Vi"]
[Black "Roeser,A"]
[Result "1-0"]
[WhiteElo "2602"]
[BlackElo "2024"]

1.d4 d5 2.c4 dxc4 3.e4 Nf6 4.e5 Nd5 5.Bxc4 e6 6.Nf3 a6 7.O-O b5 8.Bd3 Bb7
9.a4 c6 10.Nc3 b4 11.Ne4 h6  1-0

[Event "1st HDBank Cup"]
[Site "Ho Chi Minh City VIE"]
[Date "2011.01.04"]
[Round "1.1"]
[White "Le Quang Liem"]
[Black "Fernandez,Dan SIN"]
[Result "1-0"]
[WhiteElo "2664"]
[BlackElo "2351"]

1.d4 d5 2.c4 dxc4 3.e4 Nf6 4.e5 Nd5 5.Bxc4 Nb6 6.Bd3 Nc6 7.Ne2 Bg4 8.f3 Bh5
9.Nbc3 e6 10.Be3 Be7 11.O-O Bg6 12.Be4 O-O 13.Bf2 Qd7 14.a3 Rad8 15.Qc2 Nd5
16.h4 Nxc3 17.Qxc3 Bxe4 18.fxe4 f6 19.exf6 Bxf6 20.Rad1 Qe7 21.Nf4 Nxd4 22.Bxd4 Rxd4
23.Rxd4 c5 24.e5 Bxe5 25.Rd7 Qf6 26.Qg3 g6 27.Qg5 Qxg5 28.hxg5 Bxf4 29.g3 Be3+
30.Kg2 Rxf1 31.Kxf1 b6 32.Rxa7 c4 33.Ra4 Bd4 34.b3 Bc5 35.bxc4 h5 36.Ke2 Kf8
37.Ra7 Be7 38.a4 Bxg5 39.c5 bxc5 40.a5 c4 41.a6  1-0

[Event "Berkeley Int Open"]
[Site "Berkeley USA"]
[Date "2011.01.06"]
[Round "8"]
[White "Troff,Kayden"]
[Black "Rumph,Todd"]
[Result "1-0"]
[WhiteElo "2247"]
[BlackElo "2165"]

1.d4 d5 2.c4 dxc4 3.e4 e5 4.Nf3 exd4 5.Bxc4 Nc6 6.O-O Be6 7.Bxe6 fxe6 8.Qb3 Qd7
9.Qxb7 Rb8 10.Qa6 Nf6 11.Nbd2 Bd6 12.b3 O-O 13.Bb2 Kh8 14.Rac1 Rb6 15.Qa4 Bf4
16.Rc4 Rd8 17.g3 Bd6 18.Rfc1 Nb4 19.Bxd4 Qxa4 20.bxa4 c5 21.Bxc5 Bxc5 22.Rxc5 Nxa2
23.Rc8 Rd6 24.Rxd8+ Rxd8 25.Rc7 g5 26.Rf7 Ng4 27.Nc4 Nc1 28.Nxg5 Ne2+ 29.Kg2 Rc8
30.Nxe6 Kg8  1-0

[Event "22nd MGU Open"]
[Site "Sofia BUL"]
[Date "2011.01.16"]
[Round "5.4"]
[White "Kostov,N"]
[Black "Tsintsarski,B"]
[Result "1-0"]
[WhiteElo "2005"]
[BlackElo "1732"]

1.d4 d5 2.c4 dxc4 3.e4 Nf6 4.e5 Nd5 5.Bxc4 e6 6.Nf3 a6 7.O-O b5 8.Bb3 Bb7
9.Nc3 Be7 10.a3 O-O 11.Qe2 c5 12.Nxd5 Bxd5 13.Bc2 c4 14.Rd1 Nc6 15.Be3 a5
16.Nd2 f5 17.exf6 Bxf6 18.Ne4 Be7 19.Qh5 g6 20.Qh6 Rf5 21.Ng3 Bf8 22.Qh3 Rf7
23.Qg4 Ne7 24.h4 Nf5 25.h5 Qh4 26.Bxf5 Qxg4 27.Bxg4 Bd6 28.Ne2 gxh5 29.Bh3 Re8
30.Nc3 Be7 31.Nxd5  1-0

[Event "TCh-BEL 2010-11"]
[Site "Loncin BEL"]
[Date "2011.01.23"]
[Round "7.1"]
[White "Feller,S"]
[Black "Khenkin,I"]
[Result "1/2-1/2"]
[WhiteElo "2649"]
[BlackElo "2614"]

1.d4 d5 2.c4 dxc4 3.e4 c5 4.Nf3 cxd4 5.Qxd4 Qxd4 6.Nxd4 a6 7.Bxc4 e5 8.Nf3 Nc6
9.Nc3 Bg4 10.Be3 Nf6 11.O-O Rc8 12.Nd5 Nxe4 13.Nb6 Rc7 14.Rac1 Nf6 15.Bb3 Bxf3
16.gxf3 Bd6 17.Nc4 Rd7 18.Nxd6+ Rxd6 19.Bc5 Rd7 20.Rfe1  1/2-1/2

[Event "ch-CRO"]
[Site "Marija Bistrica CRO"]
[Date "2011.01.23"]
[Round "7.5"]
[White "Sulava,N"]
[Black "Stevic,H"]
[Result "1/2-1/2"]
[WhiteElo "2565"]
[BlackElo "2621"]

1.d4 d5 2.c4 dxc4 3.e4 e5 4.Nf3 exd4 5.Bxc4 Bb4+ 6.Nbd2 Nc6 7.O-O Nf6 8.e5 Nd5
9.a3 Be7 10.Qb3 Na5 11.Qa4+ Nc6 12.Qb3 Na5 13.Qa4+ Nc6 14.Nxd4 Nb6 15.Nxc6 Nxa4
16.Nxd8 Bxd8 17.f4 Nb6 18.Bb3 g6 19.Ne4 Be7 20.Be3 Be6 21.Bxe6 fxe6  1/2-1/2

[Event "Gibraltar Masters"]
[Site "Caleta ENG"]
[Date "2011.02.01"]
[Round "8.58"]
[White "Nikolaidis,K"]
[Black "Steil Antoni,F"]
[Result "0-1"]
[WhiteElo "2284"]
[BlackElo "2118"]

1.d4 d5 2.c4 dxc4 3.e4 e5 4.Nf3 exd4 5.Qxd4 Qxd4 6.Nxd4 Nf6 7.f3 a6 8.Bxc4 b5
9.Be2 c5 10.Nc2 Nc6 11.O-O Be7 12.Be3 Be6 13.Nc3 O-O 14.g4 Rfd8 15.Rfd1 Ne5
16.g5 Ne8 17.Nd5 Bxd5 18.Rxd5 Rxd5 19.exd5 Rd8 20.Rd1 Nc7 21.Bf4 f6 22.Ne3 c4
23.gxf6 gxf6 24.Nf5 Bc5+ 25.Be3 Bxe3+ 26.Nxe3 Ng6 27.Rd4 Ne6 28.Rd1 Nef4
29.Kf2 Ne5 30.Rd2 Kf7 31.Kg3 Nxe2+ 32.Rxe2 Nd3 33.f4 Nc1 34.Re1 Nxa2 35.Kg4 Nb4
36.Rd1 Nd3 37.Rd2 Re8 38.Kf3 Ne1+ 39.Kf2 Re4 40.f5 Nd3+ 41.Kf3 Rf4+ 42.Kg3 Rd4
43.Rd1 a5 44.Ra1 a4 45.Rd1 Ke7 46.Rd2 Kd6 47.Rd1 Kc5 48.h4 h5 49.Rd2 b4  0-1

[Event "16th HIT Open"]
[Site "Nova Gorica SLO"]
[Date "2011.02.02"]
[Round "8"]
[White "Cokan,M"]
[Black "Novak,Ks"]
[Result "1/2-1/2"]
[WhiteElo "1842"]
[BlackElo "2127"]

1.d4 d5 2.c4 dxc4 3.e4 Nf6 4.Nc3 e5 5.Nf3 exd4 6.Qxd4 Qxd4 7.Nxd4 Bc5 8.Be3 Ng4
9.Bxc4 c6 10.O-O O-O 11.h3 Nxe3 12.fxe3 Nd7 13.a3 Ne5 14.Ba2 a5 15.Na4 Ba7
16.Rad1 b5 17.Nc3 b4 18.Na4 Ba6 19.Rf5 Rae8 20.axb4 axb4 21.Kh1 Nc4 22.Bxc4 Bxc4
23.Ra5 Bxd4 24.Rxd4  1/2-1/2

[Event "TCh-SWE Elitserien 2010-11"]
[Site "Sweden SWE"]
[Date "2011.02.05"]
[Round "7"]
[White "Ahlander,B"]
[Black "Svensson,B"]
[Result "1/2-1/2"]
[WhiteElo "2419"]
[BlackElo "2394"]

1.d4 d5 2.c4 dxc4 3.e4 e5 4.Nf3 exd4 5.Bxc4 Bb4+ 6.Nbd2 Nc6 7.O-O Nf6 8.e5 Nd5
9.Nb3 Nb6 10.Bb5 Qd5 11.Nfxd4 O-O 12.Nxc6 Qxb5 13.Nxb4 Qxb4 14.Be3 Qb5 15.f4 Nc4
16.Bc5 Re8 17.Qe2 b6 18.Bf2 Ba6 19.Rfc1 c5 20.Rc3 Qa4 21.Qc2 Rad8 22.Rh3 h6
23.Rg3 Nd2 24.Qf5 Re6 25.Qg4 Rg6 26.Qh4 Rd5 27.Rxg6 fxg6 28.Nxd2 Rxd2 29.b3 Qe4
30.Re1 Re2  1/2-1/2

[Event "16th Lienz-Open 2011"]
[Site "Lienz AUT"]
[Date "2011.02.12"]
[Round "1"]
[White "Malakhatko,V"]
[Black "Brandstaetter,W"]
[Result "1-0"]
[WhiteElo "2546"]
[BlackElo "1940"]

1.d4 d5 2.c4 dxc4 3.e4 Nc6 4.Nf3 Nf6 5.Nc3 Bg4 6.d5 Ne5 7.Bf4 Bxf3 8.gxf3 Nfd7
9.Be3 Nb6 10.f4 Nd3+ 11.Bxd3 cxd3 12.Qxd3 g6 13.Bd4 f6 14.h4 Rg8 15.h5 Qd7
16.hxg6 hxg6 17.Rc1 c6 18.Qe3 Nc4 19.Qe2 Nd6 20.dxc6 bxc6 21.Be3 Bg7 22.f3 Kf7
23.Na4 Rh8 24.Kf2 Rxh1 25.Rxh1 Qb7 26.b3 Qb5 27.Qb2 a6 28.Nc5 Rd8 29.a4 Qa5
30.Qb1 Rh8 31.Kg2 Rh5 32.b4 Qd8 33.Qb3+ e6 34.Qxe6+ Kf8 35.Nd7+  1-0

[Event "ch-POL"]
[Site "Warsaw POL"]
[Date "2011.02.15"]
[Round "4"]
[White "Olszewski,Mi"]
[Black "Mista,A"]
[Result "0-1"]
[WhiteElo "2532"]
[BlackElo "2565"]

1.d4 d5 2.c4 dxc4 3.e4 Nc6 4.Nf3 Bg4 5.d5 Ne5 6.Bf4 Ng6 7.Be3 Nf6 8.Nc3 e5
9.Bxc4 a6 10.Be2 Bd6 11.O-O O-O 12.Nd2 Bd7 13.a3 Qe7 14.b4 Nf4 15.Bf3 g5
16.Re1 Kh8 17.Kh1 Rg8 18.g3 Bh3 19.Rg1 Rg6 20.Nc4 Rag8 21.b5 axb5 22.Nxd6 cxd6
23.Rc1 Bd7 24.gxf4 gxf4 25.Rxg6 Rxg6 26.Bb6 Ng8 27.Ne2 Qh4 28.Rc7 Bg4 29.Nd4 Qh3
30.Rc1 exd4  0-1

[Event "ch-POL"]
[Site "Warsaw POL"]
[Date "2011.02.18"]
[Round "7"]
[White "Wojtaszek,R"]
[Black "Mista,A"]
[Result "1/2-1/2"]
[WhiteElo "2726"]
[BlackElo "2565"]

1.d4 d5 2.c4 dxc4 3.e4 Nc6 4.Nf3 Bg4 5.d5 Ne5 6.Bf4 Ng6 7.Be3 Nf6 8.Bxc4 a6
9.Nc3 e5 10.Be2 Bd6 11.Nd2 Bd7 12.a3 b5 13.O-O O-O 14.b4 Nf4 15.Nb3 Nxe2+
16.Qxe2 Ng4 17.Bd2 f5 18.Nc5 Nf6 19.Bg5 f4 20.a4 bxa4 21.f3 a5 22.Nxd7 Qxd7
23.b5 Bc5+ 24.Kh1 Bd4 25.Rfc1 Ne8 26.Rxa4 Nd6 27.Qa2 Bxc3 28.Rxc3 Qxb5 29.Qa1 Rfb8
30.h3 Qb1+ 31.Rc1 Qxa1 32.Rcxa1 Rb2 33.Bh4 Rc2 34.Rxa5 Rxa5 35.Rxa5 Rc1+
36.Kh2 Kf7 37.Ra7 Nb5 38.Ra5 Nd6 39.Bf2 Ke8 40.h4 h5 41.Ra2 Nc4 42.g3 Kd7
43.gxf4 exf4 44.Bd4 g6 45.Rg2 Rd1 46.Bf6 Nd2 47.Rf2 Nf1+ 48.Kg2 Ne3+ 49.Kh2 Nf1+
50.Kg2 Ne3+  1/2-1/2

[Event "ch-POL"]
[Site "Warsaw POL"]
[Date "2011.02.19"]
[Round "8"]
[White "Gajewski,G"]
[Black "Mista,A"]
[Result "1/2-1/2"]
[WhiteElo "2569"]
[BlackElo "2565"]

1.d4 d5 2.c4 dxc4 3.e4 Nc6 4.Nf3 Bg4 5.d5 Ne5 6.Bf4 Ng6 7.h3 Bxf3 8.Qxf3 e5
9.dxe6 fxe6 10.Nc3 Qf6 11.Bg3 Qxf3 12.gxf3 e5 13.O-O-O a6 14.h4 h5 15.Nd5 Bd6
16.Nb6 Rd8 17.Nxc4 N8e7 18.Na5 Rb8 19.Nc4 Rd8 20.Rg1 Kf7 21.Na5 Rb8 22.a3 b5
23.b4 Rhd8 24.Kb1 Kf6 25.Rc1 c5 26.bxc5 Bc7 27.Nb3 Nc6 28.Bh3 a5 29.Rgd1 a4
30.Bd7 Nge7 31.Na1 b4 32.Nc2 bxa3+ 33.Ka1 Rb3 34.Ne3 Kf7 35.Nc4 Rb4 36.Bxc6 Rxd1
37.Rxd1 Rxc4 38.Bb5 Rxc5 39.Bxa4 Rc3 40.Ka2 Kf6 41.Rd7 Ke6 42.Rd2 Nc6 43.Bxc6 Rxc6
44.Kxa3 Rc3+ 45.Kb2 Rxf3 46.Rd5 Rf8 47.Kc2 Rh8 48.Kd3 g5 49.hxg5 h4 50.Bh2 Rg8
51.f4 exf4 52.Rf5 Rd8+ 53.Kc2 h3 54.Rf6+ Ke7 55.Rh6 Rg8  1/2-1/2

[Event "Brunei IM2 2011"]
[Site "Bandar Seri Begawan BRU"]
[Date "2011.03.08"]
[Round "9"]
[White "Khamrakulov,D"]
[Black "Vakhidov,J"]
[Result "1/2-1/2"]
[WhiteElo "2479"]
[BlackElo "2295"]

1.d4 d5 2.c4 dxc4 3.e4 Nf6 4.e5 Nd5 5.Bxc4 Nb6 6.Bb3 Nc6 7.Ne2 Bg4 8.f3 Bf5
9.Nbc3 Qd7 10.O-O e6 11.Be3 O-O-O 12.Rc1 Be7 13.Ne4 f6 14.Nc5 Bxc5 15.Rxc5 Nd5
16.Bxd5 exd5  1/2-1/2

[Event "FSFMC March"]
[Site "Budapest HUN"]
[Date "2011.03.09"]
[Round "5"]
[White "Simonyi,Dora"]
[Black "Somogyi,Theodora"]
[Result "1-0"]
[WhiteElo "1362"]
[BlackElo "1222"]

1.d4 d5 2.c4 dxc4 3.e4 e6 4.Bxc4 c6 5.Nf3 Qe7 6.O-O c5 7.d5 e5 8.Nc3 Nf6
9.Bg5 Nbd7 10.Qb3 Qd6 11.Rad1 Ng4 12.Nb5 Qg6 13.Nc7+  1-0

[Event "ch-RUS U20"]
[Site "St Petersburg RUS"]
[Date "2011.03.11"]
[Round "7"]
[White "Belous,V"]
[Black "Rozum,I"]
[Result "1-0"]
[WhiteElo "2524"]
[BlackElo "2475"]

1.d4 d5 2.c4 dxc4 3.e4 Nc6 4.d5 Ne5 5.Bf4 Ng6 6.Be3 Nf6 7.Nc3 e6 8.Bxc4 exd5
9.exd5 Bd6 10.Nf3 O-O 11.h3 a6 12.O-O h6 13.a4 Re8 14.Re1 Bd7 15.Qb3 Qc8
16.Bf1 Nf4 17.Qc4 Ng6 18.Bd4 Qd8 19.Rxe8+ Bxe8 20.Re1 Rb8 21.a5 c6 22.Bb6 Bc7
23.Bxc7 Qxc7 24.Qc5 Nd7 25.Qb4 cxd5 26.Nxd5 Qc5 27.Qd2 Kh8 28.h4 Qd6 29.Qd4 Rd8
30.h5 Ngf8 31.Qh4 Nc5 32.Ne3 Nce6 33.Nf5 Qc5 34.Re5 Qc1 35.Qe7 Bb5 36.Re1 Rd1
37.Bxb5 Rxe1+ 38.Nxe1 Qxe1+ 39.Bf1 Qxa5 40.Qxf7 Qc7 41.Ne7  1-0

[Event "ch-FRA Blitz 2011"]
[Site "Nancy FRA"]
[Date "2011.03.12"]
[Round "7"]
[White "Feller,S"]
[Black "Bauer,Ch"]
[Result "1-0"]
[WhiteElo "2657"]
[BlackElo "2633"]

1.d4 d5 2.c4 dxc4 3.e4 e5 4.Nf3 exd4 5.Bxc4 Nc6 6.O-O Nf6 7.Ng5 Ne5 8.Bb3 d3
9.f4 Bc5+ 10.Kh1 Neg4 11.h3 h5 12.e5 Nd5 13.Qxd3 c6 14.e6 Bxe6 15.Nxe6 fxe6
16.Nc3 Qe7 17.Qg6+ Qf7 18.Qxf7+ Kxf7 19.Ne4 Bb6 20.f5 exf5 21.Rxf5+ Ke6 22.Rf3 Ne5
23.Rg3 Raf8 24.Bd2 Rhg8 25.Re1 h4 26.Rg5 Rf5 27.Nd6 Bc7 28.Nc4  1-0

[Event "ch-PriFO A"]
[Site "Tolyatti RUS"]
[Date "2011.03.12"]
[Round "3.27"]
[White "Zaynutdinov,I"]
[Black "Toropov,P"]
[Result "0-1"]
[WhiteElo "2002"]
[BlackElo "2234"]

1.d4 d5 2.c4 dxc4 3.e4 Nf6 4.Nc3 c6 5.Bxc4 e6 6.Nf3 Be7 7.O-O b5 8.Bd3 b4
9.Na4 O-O 10.Qc2 h6 11.h3 Bb7 12.Be3 Nbd7 13.Rac1 Rc8 14.Rfd1 Qa5 15.Nc5 Nxc5
16.dxc5 Ba6 17.Bxa6 Qxa6 18.a3 bxa3 19.Ra1 Rfd8 20.Rxd8+ Rxd8 21.Rxa3 Qb7
22.Nd2 Nd7 23.Nb3 Rb8 24.f3 Bf8 25.Qc4 Qb4 26.Qxb4 Rxb4 27.Bf2 Ne5 28.Na1 Rxb2
29.Rxa7 Rxf2  0-1

[Event "ch-RUS U20"]
[Site "St Petersburg RUS"]
[Date "2011.03.13"]
[Round "9"]
[White "Shimanov,A"]
[Black "Rozum,I"]
[Result "1-0"]
[WhiteElo "2550"]
[BlackElo "2475"]

1.d4 d5 2.c4 dxc4 3.e4 Nc6 4.Nf3 Bg4 5.d5 Ne5 6.Bf4 Ng6 7.Be3 e5 8.Bxc4 a6
9.Nc3 Bd6 10.Be2 Nf6 11.Nd2 Bd7 12.a3 b5 13.O-O O-O 14.b4 c6 15.Nb3 cxd5
16.exd5 Nf4 17.Bf3 Re8 18.Nc5 Bf5 19.Qd2 Bg4 20.Bd1 h5 21.Bb3 h4 22.f3 Bf5
23.g3 Ng6 24.N3e4 hxg3 25.Nb7 Nxe4 26.fxe4 Qh4 27.Nxd6 Bxe4 28.Nxe4 gxh2+
29.Qxh2 Qxe4 30.Qg3 Qd3 31.Bf2  1-0

[Event "FSFMA March"]
[Site "Budapest HUN"]
[Date "2011.03.14"]
[Round "10"]
[White "Tessedik,K"]
[Black "Szendeff,M"]
[Result "1/2-1/2"]
[WhiteElo "1883"]
[BlackElo "1854"]

1.d4 d5 2.c4 dxc4 3.e4 e5 4.Nf3 exd4 5.Bxc4 Nc6 6.O-O Bg4 7.Be2 Bxf3 8.Bxf3 Be7
9.Bf4 Nf6 10.Nd2 O-O 11.Re1 Re8 12.Rc1 Qd7 13.Nb3 Rad8 14.a3 a6 15.Qd3 Bd6
16.Bxd6 Qxd6 17.Rc5 Ne5 18.Qd1 Nxf3+ 19.Qxf3 b6 20.Rc2 c5 21.Qd3  1/2-1/2

[Event "ch-Southern FR Men"]
[Site "Armavir RUS"]
[Date "2011.03.15"]
[Round "4"]
[White "Evdokimov,Alexa"]
[Black "Papin,V"]
[Result "1-0"]
[WhiteElo "2553"]
[BlackElo "2569"]

1.d4 d5 2.c4 dxc4 3.e4 Nf6 4.e5 Nd5 5.Bxc4 Nb6 6.Bd3 Nc6 7.Ne2 Bg4 8.f3 Bh5
9.Nbc3 e6 10.Bb5 Qd7 11.h4 f6 12.exf6 gxf6 13.Ne4 Be7 14.Bf4 Rg8 15.Kf2 O-O-O
16.Rc1 Qd5 17.Bxc6 bxc6 18.Qd3 f5 19.N4g3 Bf7 20.Qa6+ Kb8 21.Bxc7+ Kxc7 22.Qxa7+ Kd6
23.Rc5 Rb8 24.Rhc1 Rgc8 25.b3 Be8 26.h5 h6 27.Kf1 Bd8 28.Qg7 Bg5 29.f4 Bh4
30.Nc3 Bxg3 31.Nxd5 Nxd5 32.Qxg3 Bxh5 33.Qg7 Be8 34.Ra5 Ra8 35.Rcc5 Bd7 36.Qe5+ Ke7
37.Qg7+ Kd6 38.Qxh6 Ne3+ 39.Ke2 Ng4 40.Qh4 Rh8 41.Qe1 Rag8 42.Ra7 Rh2 43.Kf3 Rgh8
44.Qb4  1-0

[Event "e2e4 Uxbridge Open"]
[Site "Denham ENG"]
[Date "2011.03.18"]
[Round "1"]
[White "Edwards,R"]
[Black "Player,E"]
[Result "1-0"]
[WhiteElo "2008"]
[BlackElo "2179"]

1.d4 d5 2.c4 dxc4 3.e4 Nf6 4.e5 Nd5 5.Bxc4 e6 6.Nf3 a6 7.Nc3 Nxc3 8.bxc3 b5
9.Bd3 Be7 10.O-O Bb7 11.a4 c6 12.Qe2 Nd7 13.Qe4 g6 14.Bh6 Rb8 15.Qg4 Nb6
16.a5 Na4 17.c4 Qxa5 18.Rfc1 Qd8 19.Ng5 Nb2 20.Be2 Bf8 21.Bxf8 Kxf8 22.Qf4 Qe7
23.c5 Kg7 24.Ne4 Na4 25.Ra3 Nb6 26.Qf6+ Qxf6 27.exf6+ Kf8 28.cxb6 Ke8 29.Nc5 Kd8
30.Nxb7+ Rxb7 31.Rxa6 Kd7 32.Bf3 Kd6 33.Rxc6+  1-0

[Event "e2e4 Uxbridge Open"]
[Site "Denham ENG"]
[Date "2011.03.20"]
[Round "4"]
[White "Edwards,R"]
[Black "Purton,B"]
[Result "1/2-1/2"]
[WhiteElo "2008"]
[BlackElo "2147"]

1.d4 d5 2.c4 dxc4 3.e4 Nf6 4.e5 Nd5 5.Bxc4 Nb6 6.Bb3 e6 7.Nf3 c5 8.O-O Nc6
9.dxc5 Qxd1 10.Rxd1 Nd7 11.Bf4 Nxc5 12.Nc3 a6 13.Bc2 Bd7 14.a3 b5 15.b4 Nb7
16.Rd2 h6 17.Rad1 O-O-O 18.Be3 Be8 19.Rxd8+ Nbxd8 20.Ne4 Nb7 21.Nd6+ Bxd6
22.exd6 f5 23.Bb3 Kd7 24.Nd4 Nbd8 25.Nxc6 Nxc6 26.Bc5 Bf7 27.Ra1 Rb8 28.a4 Bg8
29.axb5 axb5 30.h3 e5  1/2-1/2

[Event "ch-VIE Men"]
[Site "Da Lat VIE"]
[Date "2011.03.23"]
[Round "6.14"]
[White "Nguyen Thien Viet"]
[Black "Nguyen Van Toan Thanh"]
[Result "1-0"]
[WhiteElo "2324"]
[BlackElo "1897"]

1.d4 d5 2.c4 dxc4 3.e4 e5 4.d5 Nf6 5.Nc3 c6 6.Bxc4 Bb4 7.Qb3 Bxc3+ 8.bxc3 Qb6
9.dxc6 Qxb3 10.axb3 Nxc6 11.f3 O-O 12.Be3 Bd7 13.Ne2 Rfd8 14.Kf2 Be6 15.Bxe6 fxe6
16.b4 a6 17.Bb6 Rf8 18.Ng3 Nd7 19.Be3 Rfd8 20.Rhd1 Nf6 21.Bb6 Rd7 22.Ke2 Rc8
23.Nf1 Ne7 24.Rd3 Rc6 25.Bf2 Rxd3 26.Kxd3 Rd6+ 27.Kc2 Nc6 28.Nd2 Rd7 29.Nc4 Rc7
30.Kb3 Rd7 31.Bg3 Rd8 32.Nxe5 Nxe5 33.Bxe5 Rd2 34.Ra2 Rd1 35.Bf4 Nd7 36.Kc2 Rg1
37.Kd3 Kf7 38.Be3 Re1 39.f4 Nf6 40.h3 h5 41.Ra5 Rd1+ 42.Ke2 Rd7 43.Kf3 Rc7
44.Bd4 g6 45.f5 gxf5 46.exf5 Nd5 47.fxe6+ Kxe6 48.Kg3 Nxc3 49.Re5+ Kf7 50.Rxh5 Ne2+
51.Kh2 Kg6 52.Rc5 Rxc5 53.Bxc5 Nc3 54.g3 Ne4 55.Be3 Nf6 56.Kg2 Nd5 57.Bd2 Ne7
58.g4 Nc6 59.Kf3 Kf6 60.Ke4 Ne7 61.h4 b6 62.Bg5+  1-0

[Event "ch-Moscow S/F 2011"]
[Site "Moscow RUS"]
[Date "2011.03.24"]
[Round "7"]
[White "Kachar,V"]
[Black "Aliekhin,V"]
[Result "1-0"]
[WhiteElo "2288"]
[BlackElo "2041"]

1.d4 d5 2.c4 dxc4 3.e4 Nf6 4.e5 Nd5 5.Bxc4 Nb6 6.Bb3 Nc6 7.Be3 Bf5 8.Nc3 e6
9.a3 Qd7 10.Nf3 Ne7 11.Nh4 Bg6 12.Nxg6 Nxg6 13.O-O Ne7 14.Qf3 Ned5 15.Ne4 Be7
16.Rac1 O-O 17.Qg3 Kh8 18.Qh3 Rac8 19.Bc2 g6 20.Bh6 Rg8 21.Bb1 Qd8 22.Qf3 Qe8
23.Nf6 Nxf6 24.exf6 Bf8 25.Bxf8 Qxf8 26.Qxb7 Qd8 27.Rfd1 Nd5 28.Be4 Nxf6
29.Bf3 Nd5 30.Qxa7 Qd6 31.Qc5 Rgd8 32.g3 Kg7 33.Qxd6 Rxd6 34.Rd2 Kf6 35.Kf1 Ke7
36.Rc5 Nb6 37.Bb7 Rcd8 38.Rxc7+ Kf6 39.b3 Rxd4 40.Rxd4 Rxd4 41.a4 Rb4 42.a5 Nd5
43.Bxd5 exd5 44.Rc6+ Ke5 45.f4+ Ke4 46.Rb6 Rd4 47.Ke2 Rd3 48.a6 Rc3 49.Kd2 Rf3
50.a7 Rf2+ 51.Kc1 Ra2 52.Rb4+ d4  1-0

[Event "12th ch-EUR"]
[Site "Aix-les-Bains FRA"]
[Date "2011.04.02"]
[Round "11.99"]
[White "Flear,G"]
[Black "Sarbok,T"]
[Result "0-1"]
[WhiteElo "2498"]
[BlackElo "2347"]

1.d4 d5 2.c4 dxc4 3.e4 Nf6 4.e5 Nd5 5.Bxc4 Nb6 6.Bd3 Nc6 7.Be3 Be6 8.Nc3 Nb4
9.Be4 c6 10.Nge2 Qd7 11.O-O Bd5 12.Nf4 e6 13.Nfxd5 N4xd5 14.Qd3 h6 15.a3 Be7
16.Bd2 O-O-O 17.Ne2 f5 18.exf6 gxf6 19.Rfc1 Kb8 20.b4 Nc7 21.Qb1 f5 22.Bf3 Bg5
23.Ra2 Bxd2 24.Rxd2 e5 25.g3 h5 26.Rdd1 e4 27.Bg2 Nbd5 28.a4 h4 29.b5 cxb5
30.axb5 hxg3 31.hxg3 Qxb5 32.Qc2 Rh6 33.Qd2 Rdh8 34.Rc5 Qd7 35.Rdc1 Ne6 36.Ra5 b6
37.Ra2 Ne7 38.Rca1 Nc6  0-1

[Event "Telin International Open"]
[Site "Jakarta INA"]
[Date "2011.04.02"]
[Round "2.4"]
[White "Dao Thien Hai"]
[Black "Surya,W"]
[Result "1-0"]
[WhiteElo "2507"]
[BlackElo "2234"]

1.d4 d5 2.c4 dxc4 3.e4 c5 4.d5 Nf6 5.Nc3 b5 6.e5 b4 7.exf6 bxc3 8.bxc3 exf6
9.Bxc4 Bd6 10.Qe2+ Qe7 11.Nf3 Qxe2+ 12.Bxe2 O-O 13.Be3 Nd7 14.O-O f5 15.g3 Nf6
16.Rfd1 h6 17.c4 Re8 18.Rac1 g5 19.Bd3 Bd7 20.Bd2 Ne4 21.Ba5 Rab8 22.Rb1 Rxb1
23.Rxb1 Rb8 24.Rxb8+ Bxb8 25.Kf1 Kf8 26.Ke2 Ke7 27.Bc2 Bc8 28.Ke3 Nf6 29.Bc3 f4+
30.Kd2 Ng4 31.Ke2 f6 32.Bb2 Bd6 33.Kf1 fxg3 34.hxg3 Bxg3 35.fxg3 Ne3+ 36.Ke2 Nxc2
37.Nd2 Bg4+ 38.Kf2 Nb4 39.Ke3 f5 40.Nb3 Na6 41.Bg7 h5 42.a3 Bd1 43.Na5 Ba4
44.Be5 Kd7 45.Bf6 h4 46.gxh4 f4+ 47.Kd3 g4 48.Be5 f3 49.Bg3 Nc7 50.Nb7 Na6
51.Ke3 Bc2 52.Kf4 Bd1 53.h5 f2 54.Bxf2 g3 55.Bxg3 Bxh5 56.Ke3 Bg4 57.Na5 Kc8
58.Kd2 Bd7 59.Bd6 Ba4 60.Bf8 Kc7 61.Be7 Kd7 62.Bg5 Kc7 63.Bh4 Kd7 64.Bg3 Kc8
65.Ke3 Be8 66.Nb3 Ba4 67.Nd2 Kb7 68.Kd3 Kb6 69.Ne4 Be8 70.Nf6 Bg6+ 71.Kc3 Bf5
72.Ne8 Bd7 73.Nd6 Bg4 74.Kd3 Bh3 75.Ke4 Ka5  1-0

[Event "10th Weiz City Open"]
[Site "Weiz AUT"]
[Date "2011.04.07"]
[Round "1"]
[White "Schnider,G"]
[Black "Birklbauer,T"]
[Result "1-0"]
[WhiteElo "2357"]
[BlackElo "2069"]

1.d4 d5 2.c4 dxc4 3.e4 Nc6 4.d5 Ne5 5.Bf4 Ng6 6.Bg3 e5 7.Nc3 Bd6 8.Bxc4 Nf6
9.f3 O-O 10.Qd2 a6 11.Nge2 Nh5 12.O-O-O b5 13.Bb3 Bd7 14.Bf2 b4 15.Na4 Bb5
16.Kb1 Qd7 17.Nc5 Qe7 18.Rc1 Qe8 19.Bc4 Nhf4 20.Nxf4 exf4 21.Qxb4 Ne5 22.Bxb5 axb5
23.Qc3 b4 24.Qb3 Qb5 25.Bd4 Ra5 26.Bxe5 Bxc5 27.Bxc7 Ra7 28.d6 Rfa8 29.Qc4 Qxc4
30.Rxc4 Rxa2 31.Rxc5 Ra1+ 32.Kc2 Rxh1 33.d7 Rxh2 34.Bb8  1-0

[Event "Schackstudion GM"]
[Site "Lund SWE"]
[Date "2011.04.15"]
[Round "2"]
[White "Tikkanen,H"]
[Black "Brynell,S"]
[Result "1-0"]
[WhiteElo "2541"]
[BlackElo "2486"]

1.d4 d5 2.c4 dxc4 3.e4 Nc6 4.Be3 Nf6 5.f3 e5 6.d5 Nd4 7.Bxd4 exd4 8.Qxd4 c6
9.Nc3 cxd5 10.O-O-O Qb6 11.Qxb6 axb6 12.e5 Nd7 13.Rxd5 Ra5 14.f4 Bc5 15.Bxc4 Be3+
16.Kb1 Bxf4 17.Bb5 Ke7 18.Bxd7  1-0

[Event "TCh-CZE 2010-11"]
[Site "Czech Rep CZE"]
[Date "2011.04.17"]
[Round "11.1"]
[White "Navara,D"]
[Black "Mista,A"]
[Result "1/2-1/2"]
[WhiteElo "2708"]
[BlackElo "2565"]

1.d4 d5 2.c4 dxc4 3.e4 Nc6 4.Nf3 Bg4 5.d5 Ne5 6.Bf4 Ng6 7.Be3 e5 8.Bxc4 a6
9.Nc3 Nf6 10.O-O Bd6 11.Be2 O-O 12.Nd2 Bd7 13.g3 Qe7 14.Rc1 b5 15.Bg5 h6
16.Bxf6 Qxf6 17.Bg4 Bxg4 18.Qxg4 Qg5 19.Qxg5 hxg5 20.Nd1 Ne7 21.Ne3 Rfc8
22.Nf5 Kf8 23.Nxe7 Kxe7 24.Rc6 a5 25.Rfc1 a4 26.h3 Rcb8 27.Kg2 Ra7 28.Nf3 Kf6
29.Ne1 Ke7 30.Nd3 f6 31.Kf3 b4 32.Kg4 g6 33.Nc5 b3 34.a3 Rb6 35.Nd3 Rxc6
36.Rxc6 Ra5 37.f3 Kf7 38.h4 gxh4 39.Kxh4 Ke8 40.Kh3 Kd7 41.Rc4 Kc8 42.Kg2 Kb7
43.Kf2 Kb6 44.Ke2 Kb5 45.Rc1 Ra8 46.Rh1 c6 47.Nf2 cxd5 48.exd5 f5 49.Nd1 Bc5
50.Nc3+ Kc4 51.Rc1 Bd4 52.Nxa4+ Kxd5 53.Nc3+ Kc4 54.Nd1+ Kb5 55.Rc7 Rh8 56.Rb7+ Kc4
57.Rb4+ Kd5 58.Ne3+ Kc5 59.Nf1 Bxb2 60.Rxb3 Bd4 61.Kd3 Rh3 62.Ke2 e4 63.fxe4 fxe4
64.a4 Rh7 65.Rb5+ Kc6 66.Rg5 Rb7 67.Rxg6+ Kc5 68.Rg5+ Kc6 69.Nd2 Rb2 70.Kd1 e3
71.Nf3 Bc3 72.Rg8 Kd7 73.Rg4 Rf2 74.Re4 Rxf3 75.Ke2 Rxg3 76.Rxe3 Rg2+ 77.Kf3 Rc2
78.a5 Bxa5 79.Re5 Bb6 80.Rh5 Bc5 81.Rh6 Rc4 82.Rg6 Bd6 83.Ke3 Kc6 84.Kd3 Rh4
85.Rg5 Bc5 86.Rg6+ Kb5 87.Rg8 Rd4+ 88.Ke2 Kc4 89.Kf3 Kd3 90.Rg1 Rh4 91.Rd1+ Kc2
92.Re1 Kd3 93.Rd1+ Kc4 94.Rd8 Bd4 95.Ra8 Kd3 96.Ra3+ Bc3 97.Kg3 Rh6 98.Kg4 Kd4
99.Ra4+ Ke5 100.Kf3 Rh3+ 101.Ke2 Bd4 102.Ra8 Ke4 103.Re8+ Be5 104.Re7 Rh2+
105.Ke1 Kd4 106.Kf1 Ra2 107.Re8 Bf4 108.Re2 Ra1+ 109.Kf2 Ra3 110.Re8 Be5
111.Rd8+ Ke4 112.Re8 Ra2+ 113.Ke1 Rb2 114.Re7 Kd4 115.Kf1 Ra2 116.Re8 Bf4
117.Re2 Ra3 118.Re8 Be3 119.Ke2 Ra2+ 120.Kf3 Rf2+ 121.Kg4 Bf4 122.Ra8 Be5
123.Ra4+ Kd5 124.Ra5+ Ke4 125.Ra4+ Bd4 126.Rb4 Rg2+ 127.Kh4 Rg8 128.Ra4 Ke5
129.Kh3 Ke4 130.Kh4 Ke3 131.Kh5 Ke4 132.Kh4  1/2-1/2

[Event "ch-DEN"]
[Site "Odense DEN"]
[Date "2011.04.19"]
[Round "4"]
[White "Skytte,R"]
[Black "Rasmussen,A"]
[Result "0-1"]
[WhiteElo "2409"]
[BlackElo "2538"]

1.d4 d5 2.c4 dxc4 3.e4 Nf6 4.e5 Nd5 5.Bxc4 Nb6 6.Bd3 Nc6 7.Be3 Nb4 8.Be4 f5
9.exf6 exf6 10.Nc3 f5 11.Bb1 Bd6 12.Nf3 Be6 13.Ng5 Bd7 14.O-O Qf6 15.a3 N4d5
16.Nxd5 Nxd5 17.Qf3 c6 18.Ba2 h6 19.Nh3 Nxe3 20.fxe3 O-O-O 21.Rac1 Kb8 22.Nf2 Rhe8
23.Nd3 Qh4 24.g3 Qg5 25.Rfe1 h5 26.d5 Qg4 27.Qxg4 hxg4 28.Nc5 Bxc5 29.Rxc5 Re5
30.Rc3 cxd5 31.Rd1 Bc6 32.Bb1 Kc7 33.Rd4 Kd6 34.Rd1 g6 35.Rd4 Bd7 36.Rb4 b6
37.Rd4 Rc8 38.Rxc8 Bxc8 39.Kf2 Re7 40.Rd1 Ba6 41.Ba2 Bb7 42.Bb1 Rh7 43.Kg1 Ke5
44.Rd4 Rc7 45.Rd1 Ba6 46.Kf2 Bc4 47.Rc1 Kd6 48.Rh1 Rh7 49.Kg2 Be2 50.Re1 Bf3+
51.Kg1 Rc7 52.Kf2 Ke5 53.h3 Be4 54.hxg4 Bxb1 55.Rxb1 fxg4  0-1

[Event "Cez Cup GM 2011"]
[Site "Frydek Mistek CZE"]
[Date "2011.04.20"]
[Round "3"]
[White "Rojicek,V"]
[Black "Velicka,P"]
[Result "0-1"]
[WhiteElo "2422"]
[BlackElo "2477"]

1.d4 d5 2.c4 dxc4 3.e4 Nf6 4.e5 Nd5 5.Bxc4 Nb6 6.Bb3 Bf5 7.Nf3 e6 8.O-O c5
9.Bg5 Be7 10.Bxe7 Qxe7 11.dxc5 Qxc5 12.Na3 Nc6 13.Rc1 Qe7 14.Nb5 O-O 15.Nfd4 Nxe5
16.Nxf5 exf5 17.Rc7 Qb4 18.Qe2 Rae8 19.Rd1 Nf3+  0-1